Stations thermales en France - Statistiques

Statistiques générales
  • Ce quiz a été pris 29 fois
  • Le résultat moyen est 4 sur 15
Statistiques - réponses
Description Ville % Correct
Station chic au bord du lac Léman, reconnue pour son eau minérale pure. Évian-les-Bains
88%
Ville d’eau emblématique, célèbre pour ses cures digestives et son cadre élégant. Vichy
76%
Destination thermale au bord du lac du Bourget prisée pour ses soins respiratoires et son ambiance paisible. Aix-les-Bains
64%
Station thermale vosgienne renommée pour ses eaux minérales riches en bicarbonates, réputée pour les cures digestives, circulatoires et de bien-être dans un cadre verdoyant. Vittel
44%
Capitale thermale du sud-ouest, reconnue pour ses cures de boue et son ambiance festive. Dax
40%
Station ariègeoise réputée pour ses eaux chaudes sulfurées, idéales pour les soins des affections respiratoires et rhumatismales. Ax-les-Thermes
32%
Station alpine prestigieuse au pied du Mont Blanc, connue pour ses eaux thermales riches en soufre, utilisées pour les affections rhumatismales, respiratoires et dermatologiques. Saint-Gervais-les-Bains
28%
Station thermale du Nord, réputée pour ses eaux minérales et ses soins orientés vers les affections rhumatismales, circulatoires et les troubles métaboliques. Saint-Amand-les-Eaux
20%
Charmante station thermale basque, réputée pour ses eaux bienfaisantes et son ambiance authentique entre montagnes et traditions. Cambo-les-Bains
12%
Grande station thermale méditerranéenne, réputée pour ses soins de boue marine et son cadre paisible au bord de l’étang de Thau. Balaruc-les-Bains
8%
Station thermale auvergnate au pied des volcans célèbre pour ses eaux gazeuses et ferrugineuses, utilisées principalement pour les affections digestives. Châtel-Guyon
8%
Station pyrénéenne historique, connue pour ses eaux sulfatées, ses cures respiratoires et ses paysages grandioses. Luchon
8%
Station thermale provençale réputée pour ses eaux chaudes riches en sulfates et pour son joli château médiéval. Gréoux-les-Bains
4%
Élégante station thermale normande, réputée pour son casino et son parc Belle Époque. Bagnoles-de-l'Orne
0%
Petite station du Gers, spécialisée dans les troubles digestifs et gynécologiques. Barbotan-les-Thermes
0%
Aucun quiz correspondant
Distribution des résultats
% des personnes avec chaque résultat
Percentile par nombre de réponses
Votre historique - résultats
Vous n’avez pas pris ce quiz